000 00355nam a2200133Ia 4500
008 150202s9999 xx 000 0 und d
020 _a671536508
050 _aFIC
_bFIC
100 _aDailey, Janet.
245 _aLeftover love /
_cJanet Dailey.
260 _aNew York :
_bSilhouette Books,
_c1986.
300 _a251 pages :
_c18 cm.
650 _aFiction.
999 _c281955
_d281955